[Event "31. DSenEM2019 Gruppe 65+"]
[Site "Radebeul"]
[Date "2019.04.26"]
[Round "1.1"]
[White "Rotstein, Jefim"]
[Black "Bieberle, Gerhart"]
[Result "1/2-1/2"]
[BlackElo "1941"]
[BlackTeam "PTSV Aachen"]
[EventDate "2019.??.??"]
[PlyCount "0"]
[WhiteElo "2326"]
[WhiteTeam "SC Tornado Hochneukirch"]

1. d4 d5 2. Nf3 Nf6 3. e3 Bf5 4. c4 c6 5. Nc3 e6 6. Be2 Bd6 7. Nh4 Bg6 8. Nxg6
hxg6 9. f4 Nbd7 10. c5 Bc7 11. b4 Ne4 12. Nxe4 dxe4 13. Qc2 f5 14. b5 Ba5+ 15.
Kf2 Nf6 16. Rb1 Nd5 17. bxc6 bxc6 18. Rb7 Bc7 19. Qa4 Qd7 20. Bd2 O-O 21. Ba5
Rfc8 22. h4 Kf7 23. h5 g5 24. g3 Kf6 25. h6 g4 26. h7 Rh8 27. Bxc7 Nxc7 28. d5
exd5 29. Qd4+ Kg6 30. Qe5 Rac8 31. Bxg4 fxg4 32. Rh5 Rhf8 33. Qg5+ Kf7 34. Qh4
Rh8 35. Re5 d4 36. Rxe4 dxe3+ 37. Rxe3 Qd2+ 38. Re2 Qd4+ 39. Kg2 Qxc5 40. Qxg4
Qd5+ 41. Qf3 Qxf3+ 42. Kxf3 Rxh7 43. Rxa7 Kf6 44. a4 Rh1 45. Rc2 Ne6 46. Kg4 g6
47. Rd2 Rd8 48. Rxd8 Nxd8 49. a5 Ra1 50. Ra8 Nf7 51. Rc8 Rxa5 52. Rxc6+ Kg7 53.
Rc7 Kf6 54. Rc6+  1/2-1/2

[Event "31. DSenEM2019 Gruppe 65+"]
[Site "Radebeul"]
[Date "2019.04.26"]
[Round "1.2"]
[White "Höhne, Peter"]
[Black "Schmidt, Bodo"]
[Result "0-1"]
[BlackElo "2313"]
[BlackTeam "SC Siegburg"]
[EventDate "2019.??.??"]
[PlyCount "0"]
[WhiteElo "1925"]
[WhiteTeam "SG Hohndorf"]

1. e4 e6 2. d4 d5 3. e5 c5 4. c3 Nc6 5. Nf3 Bd7 6. dxc5 Bxc5 7. Bd3 f6 8. b4 Bb6
9. b5 Na5 10. Nh4 Qe7 11. Ba3 Qf7 12. Qc2 O-O-O 13. Ng6 Nh6 14. Nxh8 Rxh8 15.
Bd6 fxe5 16. c4 Kd8 17. cxd5 exd5 18. Bxh7 Rxh7 19. O-O Bf5 20. Qc3 Nc4 21.
Bxe5 Nxe5 22. Qxe5 Bc7 23. Qd4 Ng4 24. Re1 Bb6 25. Qd2 Bxf2+ 26. Kf1 Bxb1 27.
Qg5+ Kd7 28. Qxg4+ Bf5 29. Qf3 Bxe1 30. Kxe1 Qe6+ 31. Kd2 Qe4 32. Qc3 d4 33.
Qb3 Qxg2+ 34. Kc1 Be6 35. Qa4 Qf1+ 36. Kb2 Rxh2+  0-1

[Event "31. DSenEM2019 Gruppe 65+"]
[Site "Radebeul"]
[Date "2019.04.26"]
[Round "1.3"]
[White "Werner, Clemens"]
[Black "Fleischer, Matthias"]
[Result "1-0"]
[BlackElo "1923"]
[BlackTeam "SV Einheit Schwerin"]
[EventDate "2019.??.??"]
[PlyCount "0"]
[WhiteElo "2292"]
[WhiteTeam "SK Ettlingen"]

1. e4 d6 2. d4 Nf6 3. Nc3 g6 4. g3 Bg7 5. Bg2 c6 6. f4 O-O 7. Nf3 Bg4 8. Be3
Nbd7 9. h3 Bxf3 10. Qxf3 Ne8 11. g4 Qb6 12. O-O-O Qa5 13. e5 e6 14. Kb1 Nb6 15.
Ne4 Nc4 16. Bc1 Rd8 17. g5 Kh8 18. h4 dxe5 19. dxe5 Nc7 20. h5 Rxd1 21. Qxd1
Nd5 22. h6 Bxe5 23. fxe5 Nb4 24. a3 Nd5 25. Qd4 b5 26. Qc5 Rc8 27. Nd6 Qc7 28.
Nxc8 Qxc8 29. Bxd5 exd5 30. Qe7  1-0

[Event "31. DSenEM2019 Gruppe 65+"]
[Site "Radebeul"]
[Date "2019.04.26"]
[Round "1.4"]
[White "Ehlert, Joachim"]
[Black "Kiefer, Gerhard"]
[Result "0-1"]
[BlackElo "2279"]
[BlackTeam "SC Emmendingen"]
[EventDate "2019.??.??"]
[PlyCount "0"]
[WhiteElo "1918"]
[WhiteTeam "SV Lok Dresden"]

1. e4 c5 2. Nf3 e6 3. d4 cxd4 4. Nxd4 Nc6 5. Nxc6 bxc6 6. Nc3 d5 7. exd5 cxd5 8.
Bb5+ Bd7 9. O-O Nf6 10. h3 Be7 11. Bd3 O-O 12. Ne2 e5 13. c3 h6 14. Bc2 Bc6 15.
Kh1 Bb5 16. a4 Ba6 17. Bd3 Qc8 18. Ng3 Bxd3 19. Qxd3 e4 20. Qd1 Qe6 21. Be3 a5
22. Bd4 Nd7 23. f4 f5 24. Qd2 Rab8 25. Rfd1 Rfd8 26. Rab1 Rb3 27. Nf1 Nc5 28.
Bxc5 Bxc5 29. c4 d4 30. Qxa5 Bb6 31. Qe5 Qxe5 32. fxe5 d3 33. g4 e3 34. gxf5 e2
35. Re1 Ba5 36. Rec1 d2 37. Nxd2 Bxd2 38. Rg1 e1=Q 39. f6 Rxh3+  0-1

[Event "31. DSenEM2019 Gruppe 65+"]
[Site "Radebeul"]
[Date "2019.04.26"]
[Round "1.5"]
[White "Khanukov, Boris"]
[Black "Scharff, Klaus"]
[Result "1-0"]
[BlackElo "1918"]
[BlackTeam "SV Opladen"]
[EventDate "2019.??.??"]
[PlyCount "0"]
[WhiteElo "2250"]
[WhiteTeam "Bahn-SC Wuppertal"]

1. d4 e6 2. Nf3 h6 3. e4 Ne7 4. c4 d6 5. Nc3 Nd7 6. Be2 a6 7. O-O g5 8. Ne1 e5
9. dxe5 dxe5 10. Nc2 Bg7 11. Ne3 O-O 12. Bg4 c6 13. b3 Nf6 14. Bxc8 Rxc8 15.
Qc2 Qc7 16. c5 Rcd8 17. Ne2 Rd7 18. Ng3 Rfd8 19. Ngf5 Nxf5 20. Nxf5 Bf8 21. h3
Qa5 22. Be3 Qb4 23. Ng3 Rd3 24. Rac1 a5 25. Qc4 Qb5 26. Rfe1 a4 27. bxa4 Qxc4
28. Rxc4 Ra3 29. Rb1 Rd7 30. Rb2 Kh7 31. Nf5 Kg6 32. g4 h5 33. f3 Ng8 34. Kf2
Nh6 35. Nd6 b6 36. Rd2 f6 37. Ke2 Bxd6 38. Rxd6 Rxa2+ 39. Bd2 b5 40. axb5 cxb5
41. Rxd7 bxc4 42. c6 Ra6 43. c7 Rc6 44. Ba5 c3 45. Kd1 hxg4 46. hxg4 Nf7 47.
Kc2 Rc4 48. Rd8  1-0

[Event "31. DSenEM2019 Gruppe 65+"]
[Site "Radebeul"]
[Date "2019.04.26"]
[Round "1.6"]
[White "Wolke, Reimund"]
[Black "Postler, Reinhard"]
[Result "0-1"]
[BlackElo "2247"]
[BlackTeam "TSG Oberschöneweide"]
[EventDate "2019.??.??"]
[PlyCount "0"]
[WhiteElo "1916"]
[WhiteTeam "Hamburger SK"]

1. e4 c5 2. c3 Nf6 3. e5 Nd5 4. d4 cxd4 5. Nf3 Nc6 6. cxd4 d6 7. Bc4 e6 8. O-O
Be7 9. Bd2 O-O 10. Nc3 Nxc3 11. Bxc3 dxe5 12. dxe5 Qb6 13. Qe2 Rd8 14. Rad1 Bd7
15. Rd2 Be8 16. Rfd1 Rxd2 17. Rxd2 Rd8 18. Rxd8 Qxd8 19. a3 a6 20. Bd3 g6 21.
h3 Bc5 22. Be4 Qc7 23. b4 Bf8 24. Qd2 Bg7 25. Qb2 Ne7 26. Bd4 Bc6 27. Bxc6 Nxc6
28. Bc3 Qd7 29. Qe2 Qd5 30. Kf1 Qb3 31. Bb2 h6 32. Ne1 a5 33. bxa5 Nxa5 34. Nd3
Nc4 35. f4 Bf8 36. Bd4 Qxa3 37. Kf2 b5 38. g4 Qa8 39. f5 Qd5 40. Ba7 exf5 41.
gxf5 gxf5 42. Qf1 Qe4 43. Qg1+ Kh7 44. Qg3 Be7 45. Qf3 b4 46. Bc5 Bh4+ 47. Kg2
b3 48. Nf2 Qxf3+  0-1

[Event "31. DSenEM2019 Gruppe 65+"]
[Site "Radebeul"]
[Date "2019.04.26"]
[Round "1.7"]
[White "Hess, Christian Mathias"]
[Black "Blosze, Winfried"]
[Result "1-0"]
[BlackElo "1914"]
[BlackTeam "SV Großauheim"]
[EventDate "2019.??.??"]
[PlyCount "0"]
[WhiteElo "2246"]
[WhiteTeam "FC ST.Pauli"]

1. Nf3 Nf6 2. c4 g6 3. Nc3 Bg7 4. e4 d6 5. d4 O-O 6. Be2 c6 7. O-O Bg4 8. Be3
Nbd7 9. Ne1 Bxe2 10. Qxe2 a6 11. Rd1 Qa5 12. Nd3 Qh5 13. f3 Qa5 14. b4 Qc7 15.
Rc1 Qb8 16. Rfd1 Rc8 17. c5 b5 18. cxd6 exd6 19. Nf4 Nb6 20. Kh1 Nc4 21. Bf2
Re8 22. d5 Qb7 23. dxc6 Qxc6 24. Ncd5 Nxd5 25. Nxd5 f5 26. Nb6 Rad8 27. Nxc4
bxc4 28. Qxc4+ Qxc4 29. Rxc4 fxe4 30. fxe4 Re6 31. Bg3 Bf8 32. h3 Rde8 33. Rc6
Rxe4 34. Rxa6 Rxb4 35. Rd5 Rb1+ 36. Kh2 Rb2 37. Bxd6 Ree2 38. Ra8 Rxg2+ 39. Kh1
Rxa2 40. Rxf8+ Kg7 41. Rf1 Rge2 42. Be5+ Kh6 43. Bf4+ Kg7 44. Rd7+  1-0

[Event "31. DSenEM2019 Gruppe 65+"]
[Site "Radebeul"]
[Date "2019.04.26"]
[Round "1.8"]
[White "Nosek, Reinhard"]
[Black "Ackermann, Hans Werner"]
[Result "0-1"]
[BlackElo "2237"]
[BlackTeam "SC Hansa Dortmund"]
[EventDate "2019.??.??"]
[PlyCount "0"]
[WhiteElo "1913"]
[WhiteTeam "SF Torgau"]

1. Nf3 d6 2. d4 g6 3. e4 Bg7 4. Bc4 c6 5. O-O d5 6. exd5 cxd5 7. Bb5+ Bd7 8. Qe2
Nc6 9. c3 a6 10. Bd3 Qc7 11. Bg5 Nf6 12. Nbd2 O-O 13. Bh4 Nh5 14. Kh1 Rae8 15.
Rae1 f6 16. c4 Nb4 17. Bb1 Nf4 18. Bg3 e5 19. Bxf4 exf4 20. Qd1 dxc4 21. a3 Nd5
22. Qc1 b5 23. Ne4 Bc8 24. h4 Bh6 25. Rg1 Kg7 26. Qc2 Bf5 27. Qd1 Ne3 28. fxe3
Bxe4 29. Bxe4 Rxe4 30. exf4 Rxe1 31. Rxe1 Bxf4 32. Qe2 Bg3 33. Rd1 Qd7 34. d5
Re8 35. Qd2 Re4 36. Qa5 Qd6 37. Qb4 Kf7 38. Qxd6 Bxd6 39. Re1 Rxe1+ 40. Nxe1
Be5  0-1

[Event "31. DSenEM2019 Gruppe 65+"]
[Site "Radebeul"]
[Date "2019.04.26"]
[Round "1.9"]
[White "Juhnke, Juergen"]
[Black "Werl, Ralf-Dieter"]
[Result "1-0"]
[BlackElo "1904"]
[BlackTeam "SV Motor Hainichen"]
[EventDate "2019.??.??"]
[PlyCount "0"]
[WhiteElo "2230"]
[WhiteTeam "HSK Lister Turm"]

1. e4 e5 2. Nf3 Nc6 3. d4 exd4 4. Bc4 Bc5 5. c3 Qe7 6. O-O d3 7. b4 Bb6 8. a4 a5
9. b5 Ne5 10. Ba3 d6 11. Nxe5 Qxe5 12. Qxd3 Nf6 13. Nd2 O-O 14. Rae1 Re8 15.
Nf3 Qh5 16. Nd4 Bd7 17. h3 Qg6 18. Nf3 Rxe4 19. Rxe4 Qxe4 20. Bxf7+ Kf8 21. Qd1
Bf5 22. Ba2 Qd3 23. Qb3 Bg6 24. Rd1 Qc2 25. Nd4 Qxb3 26. Bxb3 Ne4 27. Rd3 Re8
28. Rf3+ Nf6 29. Ne6+ Ke7 30. Nxg7 Rh8 31. Bc1 h6 32. Be3 Be4 33. Rg3 d5 34.
Bxb6 cxb6 35. Re3 Kf7 36. f3 Kxg7 37. fxe4 dxe4 38. Rg3+ Kh7 39. Be6 Re8 40.
Bf5+ Kh8 41. Rg6 e3 42. Kf1 Rf8 43. Rxh6+ Kg7 44. Rg6+ Kf7 45. Rg3 Nd5 46. c4
Ke8 47. Rf3  1-0

[Event "31. DSenEM2019 Gruppe 65+"]
[Site "Radebeul"]
[Date "2019.04.26"]
[Round "1.10"]
[White "Rache, Ralf"]
[Black "Dresen, Ulrich"]
[Result "1/2-1/2"]
[BlackElo "2228"]
[BlackTeam "SF Gerresheim"]
[EventDate "2019.??.??"]
[PlyCount "0"]
[WhiteElo "1903"]
[WhiteTeam "Aachener SV"]

1. e4 d6 2. d4 Nf6 3. Nc3 e5 4. dxe5 dxe5 5. Qxd8+ Kxd8 6. Bg5 Be6 7.
O-O-O+ Nd7 8. f4 exf4 9. Nf3 c6 10. Bxf4 Bb4 11. Ng5 Re8 12. Nxe6+ fxe6
13. Bc4 e5 14. Bg5 Kc7 15. Bh4 b5 16. Bf7 Rf8 17. Be6 Nc5 18. Bb3 Rae8 19. Nb1
Ncxe4 20. c3 Bc5 21. Rde1 Bf2 22. Bxf6 Nxf6 23. Re2 Nd5 24. Nd2 Bh4 25. g3 Bg5
26. Kb1 g6 27. Ne4 Be7 28. Rhe1 Nb6 29. Nd2 Bd6 30. Ne4 Be7 31. Nd2 Bf6 32. Ne4
Nd7 33. Rd1 h6 34. Red2 Re7 35. Rd6 g5 36. Be6 Nb6 37. Rf1 Bg7 38. Rxf8 Bxf8
39. Bb3 Nd7 40. Rd2 a5 41. Rf2 Bg7 42. Rf7 Rxf7 43. Bxf7 Bf8 44. Kc2 Nb6 45. b3
Nd5 46. Kd3 Kb6 47. Be6 Bc5 48. Bf7 Bg1 49. h3 Kc7 50. Be6 Ne7 51. Bg4 Ba7 52.
Be6 Kd8 53. Bg4 Nd5 54. Nd6 Bf2 55. Ne4 Bg1 56. Bf3 Ke7 57. Bg4 Bb6 58. Bh5 Bg1
59. Bf3 Bh2 60. Ke2 Bg1 61. Kd3 Nc7 62. Nd2 Kd7 63. Ne4 Nd5 64. Bg4+ Ke7 65.
Bf3 b4 66. c4 Nc7 67. Bg4 Bd4 68. Nd2 Ne8 69. Ne4 Ng7 70. Bf3 Bg1 71. Bg2 Nf5
72. g4 Nh4 73. Bh1 c5 74. Ng3 Bh2 75. Ne4 Bg1 76. Ng3 Bf2 77. Ne4 Bd4 78. Ng3
Bf2 79. Ne4  1/2-1/2

[Event "31. DSenEM2019 Gruppe 65+"]
[Site "Radebeul"]
[Date "2019.04.26"]
[Round "1.11"]
[White "Hülsmann, Josef"]
[Black "Jürgens, Peter"]
[Result "1-0"]
[BlackElo "1899"]
[BlackTeam "SC Tempo Göttingen"]
[EventDate "2019.??.??"]
[PlyCount "81"]
[WhiteElo "2215"]
[WhiteTeam "Langenfelder SF"]

1. d4 e6 2. Nf3 Nf6 3. c4 b6 4. Nc3 Bb7 5. e3 Be7 6. Bd3 d5 7. cxd5 exd5 8. Ne5
O-O 9. O-O c5 10. Qf3 Nbd7 11. Qh3 c4 12. Bxh7+ Nxh7 13. Qxd7 Qxd7 14. Nxd7
Rfd8 15. Ne5 Nf8 16. Bd2 f6 17. Nf3 Bc6 18. Rfe1 b5 19. b4 a5 20. Ne2 a4 21. g4
Kf7 22. Kg2 Ne6 23. h4 g6 24. Rh1 Bd6 25. Ne1 Rh8 26. Nc2 Rh7 27. f3 Rah8 28.
Be1 f5 29. Bg3 Bxg3 30. Kxg3 Kg7 31. Nf4 Kf6 32. Nxe6 Kxe6 33. Ne1 Bd7 34. Ng2
Kf6 35. Nf4 Bc6 36. Raf1 Re7 37. Re1 Rhe8 38. g5+ Kg7 39. h5 gxh5 40. Nxh5+ Kf7
41. Kf4  1-0

[Event "31. DSenEM2019 Gruppe 65+"]
[Site "Radebeul"]
[Date "2019.04.26"]
[Round "1.12"]
[White "Niebuhr, Gerd"]
[Black "Syré, Christian"]
[Result "0-1"]
[Annotator "lenovo"]
[BlackElo "2210"]
[BlackTeam "TSG Oberschöneweide"]
[EventDate "2019.??.??"]
[PlyCount "84"]
[WhiteElo "1899"]
[WhiteTeam "Freibauer Wedemark"]

1. d4 Nf6 2. c4 g6 3. f3 Bg7 4. e4 O-O 5. Nc3 d6 6. Bg5 c5 7. d5 e6 8. Qd2 exd5
9. cxd5 a6 10. a4 Re8 11. Bd3 Nbd7 12. Nh3 c4 13. Bc2 Nc5 14. Nf2 Bd7 15. O-O
Qc7 16. a5 Rab8 17. Na4 Bb5 18. Rfc1 Nfd7 19. Be3 Rbc8 20. Nxc5 Nxc5 21. Bd4 f6
22. Qc3 Qe7 23. Ng4 Nd7 24. Ba4 h5 25. Nf2 Nc5 26. Bxb5 axb5 27. Bxc5 dxc5 28.
Qc2 Ra8 29. h4 Qe5 30. Ra2 Bh6 31. Rd1 Ra6 32. b3 cxb3 33. Qxb3 b4 34. d6+ Kf8
35. d7 Rd8 36. Qd5 { ( = )}  36... Qxd5 37. Rxd5 Be3 38. Kf1 b3 39. Rb2 c4 40.
Nd1 Ba7 41. Nc3 Bb8 42. Rc5 Rc6  0-1

[Event "31. DSenEM2019 Gruppe 65+"]
[Site "Radebeul"]
[Date "2019.04.26"]
[Round "1.13"]
[White "Herbrechtsmeier, Christof"]
[Black "Schmitt, Karl"]
[Result "1-0"]
[BlackElo "1884"]
[BlackTeam "Bergische SF"]
[EventDate "2019.??.??"]
[PlyCount "63"]
[WhiteElo "2204"]
[WhiteTeam "SC Emmendingen"]

1. e4 g6 2. d4 Bg7 3. Nc3 d6 4. Bc4 e6 5. f4 Ne7 6. Nf3 a6 7. a4 b6 8. Qd3 Nd7
9. Bd2 h6 10. O-O Bb7 11. Rae1 O-O 12. Re2 c5 13. d5 exd5 14. Bxd5 Bxd5 15.
Nxd5 Nxd5 16. Qxd5 Nf6 17. Qa2 d5 18. e5 Ne4 19. Rd1 f5 20. exf6 Nxf6 21. Bc3
Kh7 22. Be5 b5 23. a5 d4 24. Qb1 Ng4 25. Bxg7 Kxg7 26. h3 Rxf4 27. hxg4 Rxg4
28. c3 Qf6 29. Rf1 dxc3 30. Ne5 Rf4 31. Rxf4 Qxf4 32. Qxg6+  1-0

[Event "31. DSenEM2019 Gruppe 65+"]
[Site "Radebeul"]
[Date "2019.04.26"]
[Round "1.14"]
[White "Gebuhr, Günter"]
[Black "Schumacher, Gottfried"]
[Result "0-1"]
[Annotator "lenovo"]
[BlackElo "2202"]
[BlackTeam "HTC Bad Neuenahr"]
[EventDate "2019.??.??"]
[PlyCount "72"]
[WhiteElo "1883"]
[WhiteTeam "SSV Weimar"]

{ [%evp 0,44,19,38,45,21,73,50,49,48,48,34,39,34,18,31,23,0,7,-4,44,31,22,8,15,
0,4,1,20,9,12,0,-7,-22,-5,-13,-8,0,0,0,0,-41,-14,-39,-22,-63,-45] } 1. e4 e6 2.
d4 c5 3. Nf3 cxd4 4. Nxd4 Nc6 5. Nc3 Nf6 6. Nxc6 bxc6 7. e5 Nd5 8. Nxd5 cxd5 9.
Bd3 g6 10. O-O Bg7 11. Qe2 O-O 12. b3 d6 13. Bf4 a5 14. Rac1 dxe5 15. Bxe5 f6
16. Ba1 a4 17. c4 axb3 18. axb3 Qb6 19. cxd5 exd5 20. Qf3 Bb7 21. Qg3 Rf7 22.
Rb1 Bf8 23. Qg4 Ra3 24. Bc2 Ra2 25. Rb2 Ra3 26. b4 Qa7 27. Rbb1 Qb8 28. Bb3 Bd6
29. Qe6 Bxh2+ 30. Kh1 Ra6 31. Qe2 Bc7 32. Bxd5 Bxd5 33. Qxa6 Qf8 34. f3 Qh6+
35. Kg1 Bh2+ 36. Kf2 Qd2+  0-1

[Event "31. DSenEM2019 Gruppe 65+"]
[Site "Radebeul"]
[Date "2019.04.26"]
[Round "1.15"]
[White "Hassenrück, Helmut"]
[Black "Fleischer, Martin"]
[Result "1-0"]
[BlackElo "1881"]
[BlackTeam "SV Einheit Schwerin"]
[EventDate "2019.??.??"]
[PlyCount "79"]
[WhiteElo "2199"]
[WhiteTeam "SG-Gladbeck"]

1. d4 e6 2. Nf3 d5 3. c4 dxc4 4. e3 a6 5. Bxc4 b5 6. Bd3 Bb7 7. O-O Nf6 8. a4 b4
9. Nbd2 a5 10. e4 Be7 11. e5 Nd5 12. Ne4 h6 13. Re1 Nd7 14. Nfd2 h5 15. Nb3 g6
16. Qe2 Kf8 17. Bd2 Qc8 18. Rac1 Ba6 19. Bb5 Bxb5 20. Qxb5 c5 21. Nbxc5 Nxc5
22. Nxc5 Bxc5 23. Rxc5 Qd8 24. Rec1 Kg7 25. Qd3 h4 26. b3 Rh5 27. Qc4 Nb6 28.
Qd3 Nd5 29. Qe4 Rb8 30. h3 Ra8 31. Kh2 Rb8 32. g4 hxg3+ 33. fxg3 Qh8 34. h4 g5
35. Qg4 Qh7 36. Bxg5 Qg6 37. Bf6+ Nxf6 38. exf6+ Kxf6 39. Qxh5 Qxh5 40. Rxh5 
1-0

[Event "31. DSenEM2019 Gruppe 65+"]
[Site "Radebeul"]
[Date "2019.04.26"]
[Round "1.16"]
[White "Reimann, Günther"]
[Black "Kierzek, Matthias"]
[Result "1/2-1/2"]
[BlackElo "2196"]
[BlackTeam "SC Fulda"]
[EventDate "2019.??.??"]
[PlyCount "0"]
[WhiteElo "1880"]
[WhiteTeam "SC Magstadt"]

1. c4 c6 2. d3 d5 3. Nd2 e5 4. Qc2 Nf6 5. g3 Bd6 6. Bg2 O-O 7. Ngf3 Re8 8.
O-O Nbd7 9. a3 a5 10. b3 Nf8 11. Bb2 Ng6 12. c5 Bc7 13. b4 Bd7 14. Rfe1 h5
15. h3 h4 16. e4 hxg3 17. fxg3 b6 18. Nf1 b5 19. Kh2 d4 20. Rab1 axb4 21. axb4
Ra4 22. Qd2 Qe7 23. Ra1 Rea8 24. Rxa4 Rxa4 25. Ra1 Qe8 26. Rxa4 bxa4 27. Qc2
Qa8 28. Ba3 Nh7 29. N1d2 Be6 30. Bf1 Qa6 31. Be2 Bd8 32. Bd1 Ng5 33. Nxg5 Bxg5
34. Nf3 Be3 35. h4 Bb3 36. Qe2 f6 37. Ne1 Bxd1 38. Qxd1 Nf8 39. Ng2 Bh6 40. Qf3
Qc8 41. Qd1 Qa6 42. Qf3 Bd2 43. Qe2 Bc3 44. Qa2+ Kh7 45. Qf7 Ng6 46. h5 Nh8 47.
Qd7 Qxd3 48. h6 Kxh6 { (  =  )}  49. Qh3+ Kg6 50. Qxh8 Qxe4 51. Qe8+ Kh7 52.
Qh5+ Kg8  1/2-1/2

[Event "31. DSenEM2019 Gruppe 65+"]
[Site "Radebeul"]
[Date "2019.04.26"]
[Round "1.17"]
[White "Prüfer, Friedbert"]
[Black "Dötzel, Hartwig"]
[Result "1-0"]
[BlackElo "1877"]
[BlackTeam "USV TU Dresden"]
[EventDate "2019.??.??"]
[PlyCount "53"]
[WhiteElo "2196"]
[WhiteTeam "TSG Taucha"]

1. d4 d5 2. c4 e6 3. Nf3 c6 4. g3 Nf6 5. Bg2 Be7 6. O-O O-O 7. Qc2 Nbd7 8. Rd1
Re8 9. Nc3 b6 10. e4 dxe4 11. Nxe4 Bb7 12. Bf4 Nxe4 13. Qxe4 Nf6 14. Qe2 Rc8
15. h4 Bd6 16. Ne5 Qe7 17. Rd3 Red8 18. Rad1 Bxe5 19. dxe5 Ne8 20. Bg5 f6 21.
exf6 gxf6 22. Bh6 Rxd3 23. Rxd3 f5 24. Bg5 Nf6 25. Qe5 Rf8 26. Rd6 Kf7 27. Bf3 
1-0

[Event "31. DSenEM2019 Gruppe 65+"]
[Site "Radebeul"]
[Date "2019.04.26"]
[Round "1.18"]
[White "Leisen, Peter"]
[Black "Rahls, Peter"]
[Result "0-1"]
[BlackElo "2193"]
[BlackTeam "SK Zehlendorf"]
[EventDate "2019.??.??"]
[PlyCount "82"]
[WhiteElo "1872"]
[WhiteTeam "SV Bönen"]

1. Nf3 c5 2. d4 cxd4 3. Nxd4 d5 4. g3 g6 5. Bg2 Bg7 6. O-O e6 7. c3 Ne7 8. Nd2
O-O 9. e4 e5 10. Nc2 d4 11. cxd4 exd4 12. Nb3 Nbc6 13. Bf4 Be6 14. Qd3 Qb6 15.
Rfd1 Rfd8 16. h3 a5 17. Rab1 a4 18. Nc1 h6 19. h4 Nb4 20. Nxb4 Qxb4 21. Qd2
Qxd2 22. Rxd2 Nc6 23. b3 Bf8 24. bxa4 Bb4 25. Rd1 Rxa4 26. Bxh6 Ne5 27. Bg5 Bg4
28. Bxd8 Bxd1 29. Bf6 Bc2 30. Rxb4 Rxb4 31. Bxe5 d3 32. Bf4 Bb1 33. Kf1 Rb2 34.
Ke1 Bxa2 35. Nxa2 Rxa2 36. e5 b5 37. Be4 Re2+ 38. Kd1 Rxe4 39. Kd2 Rd4 40. Kc3
Rd5 41. Be3 b4+  0-1

[Event "31. DSenEM2019 Gruppe 65+"]
[Site "Radebeul"]
[Date "2019.04.26"]
[Round "1.19"]
[White "Baum, Bernd"]
[Black "Görden, Hans-Jürgen"]
[Result "1-0"]
[BlackElo "1863"]
[BlackTeam "SV Lok Dresden"]
[EventDate "2019.??.??"]
[PlyCount "56"]
[WhiteElo "2183"]
[WhiteTeam "SC Fulda"]

1. Nf3 Nf6 2. g3 g6 3. Bg2 Bg7 4. d4 d5 5. O-O O-O 6. Bf4 Nbd7 7. Qc1 Re8 8. c4
dxc4 9. Qxc4 c6 10. Rd1 Nb6 11. Qc1 Be6 12. Nc3 Nbd5 13. Be5 h6 14. Nd2 Bg4 15.
f3 Be6 16. Nb3 b6 17. e4 Nxc3 18. bxc3 Qc8 19. Qe3 Bh3 20. Bh1 Qe6 21. Qe2 Rac8
22. Qa6 Qd7 23. Rd2 h5 24. Bf4 h4 25. gxh4 Nh5 26. Bg5 f6 27. Be3 Qc7 28. Qc4+
Be6  1-0

[Event "31. DSenEM2019 Gruppe 65+"]
[Site "Radebeul"]
[Date "2019.04.26"]
[Round "1.20"]
[White "Klein, Reinhard"]
[Black "Schulz, Michael"]
[Result "1-0"]
[BlackElo "2183"]
[BlackTeam "SC Zitadelle Spandau"]
[EventDate "2019.??.??"]
[PlyCount "49"]
[WhiteElo "1863"]
[WhiteTeam "Münchener SC"]

1. d4 Nf6 2. Nf3 c5 3. d5 e6 4. Nc3 b5 5. dxe6 fxe6 6. Bg5 d5 7. e3 a6 8. Ne5
Bd6 9. f4 O-O 10. a4 b4 11. Nxd5 exd5 12. Bxf6 Qxf6 13. Qxd5+ Kh8 14. O-O-O
Bxe5 15. fxe5 Qc6 16. Bc4 Bb7 17. Rhf1 Nd7 18. Rxf8+ Rxf8 19. Qxd7 Qxd7 20.
Rxd7 Bxg2 21. e6 Bc6 22. Rc7 Bxa4 23. Bxa6 g6 24. e7 Re8 25. b3  1-0

[Event "31. DSenEM2019 Gruppe 65+"]
[Site "Radebeul"]
[Date "2019.04.26"]
[Round "1.21"]
[White "Partenheimer, Axel"]
[Black "Schubert, Joachim"]
[Result "1/2-1/2"]
[Annotator "lenovo"]
[BlackElo "1863"]
[BlackTeam "SC Friesen Lichtenberg"]
[EventDate "2019.??.??"]
[PlyCount "93"]
[WhiteElo "2182"]
[WhiteTeam "Düsseldorfer SK"]

1. Nf3 f5 2. d3 Nf6 3. e4 fxe4 4. dxe4 Nxe4 5. Bd3 d5 6. Bxe4 dxe4 7. Qxd8+ Kxd8
8. Ng5 Ke8 9. Be3 Bf5 10. Nd2 Nd7 11. Ngxe4 Nf6 12. Ng3 Bg6 13. O-O Rd8 14. Nf3
b6 15. Ne5 c5 16. c3 Nd7 17. Nxg6 hxg6 18. Ne4 Ne5 19. Rae1 Rh5 20. h3 Nd3 21.
Re2 Re5 22. f3 Red5 23. c4 R5d7 { ( = )}  24. b3 Ne5 25. Ng5 Rd1 26. Ree1 Rxe1
27. Rxe1 Nf7 28. Ne6 Rd7 29. Bf4 Nh6 30. g4 Nf7 31. Kf2 Nd8 32. Ng5 Nc6 33. Re2
Rd1 34. Rd2 Ra1 35. Ne4 e5 { ( = )}  36. Bg3 Be7 37. Nc3 Rc1 38. Nd5 Bf6 39.
Nxf6+ gxf6 40. Rd6 Rc2+ 41. Ke3 Nd4 42. Rxf6 g5 43. Ke4 Rg2 44. Bxe5 Re2+ 45.
Kd5 Rxa2 46. Bd6 Rd2 47. Bb8 { ( = )}   1/2-1/2

[Event "31. DSenEM2019 Gruppe 65+"]
[Site "Radebeul"]
[Date "2019.04.26"]
[Round "1.22"]
[White "Pundt, Wilfried"]
[Black "Braun, Gottfried"]
[Result "0-1"]
[BlackElo "2181"]
[BlackTeam "SG Leipzig"]
[EventDate "2019.??.??"]
[PlyCount "0"]
[WhiteElo "1861"]
[WhiteTeam "SK Bremen-Nord"]

1. e4 d6 2. Nf3 Nf6 3. d4 Nxe4 4. Bd3 Nf6 5. O-O Bg4 6. h3 Bh5 7. Re1 e6 8.
Nbd2 Be7 9. c3 Nbd7 10. Qb3 Qc8 11. Ng5 Nf8 12. Nde4 Nxe4 13. Nxe4 Bg6 14. c4
Nd7 15. Bd2 O-O 16. Rac1 Nf6 17. Ng5 Bxd3 18. Qxd3 h6 19. Nf3 Qd7 20. b4
a6 21. Qb3 b5 22. c5 Nd5 23. Re4 Rfb8 24. Qc2 Bf8 25. Nh2 f5 26. Re2 Re8 27.
Rce1 Qf7 28. g3 g6 29. Nf3 Bg7 30. Kh2 Nf6 31. Bf4 Ne4 32. Qd3 e5 33. Bc1 Qd5
34. Bb2 dxc5 35. bxc5 Nxc5 36. Qa3 Na4 37. Nxe5 Nxb2 38. Qxb2 g5 39. f4 Rad8
40. Rd2 c5 41. Red1 gxf4 42. gxf4 Qe4 43. Qb3+ Kh7 44. Qg3 Bxe5 45. dxe5 Rxd2+
46. Rxd2 Rg8 47. Qh4 Rg7 48. Qf2 c4 49. Re2 Qc6 50. e6 Re7 51. Qe3 Qd6 52. Kg3
b4 53. Qc1 c3 54. Qc2 Rg7+  0-1

[Event "31. DSenEM2019 Gruppe 65+"]
[Site "Radebeul"]
[Date "2019.04.26"]
[Round "1.23"]
[White "Rosen, Willy"]
[Black "Keeve, Martin"]
[Result "1-0"]
[BlackElo "1860"]
[BlackTeam "USV TU Dresden"]
[EventDate "2019.??.??"]
[PlyCount "0"]
[WhiteElo "2178"]
[WhiteTeam "SF Essen-Katernberg"]

1. e4 d6 2. d4 c6 3. Nc3 Qc7 4. Nf3 Nd7 5. a4 e5 6. Bc4 Be7 7. O-O h6 8.
Qe2 Ngf6 9. Rd1 Nf8 10. h3 g5 11. dxe5 dxe5 12. Nh2 Ng6 13. Ng4 Bxg4 14. hxg4
Nf4 15. Bxf4 gxf4 16. Rd3 Qc8 17. Rh3 Nxg4 18. Rh5 Bg5 19. Rd1 $146 Nf6
20. Rh3 O-O 21. Bb3 Qc7 22. Qc4 Rad8 23. Rhd3 Rxd3 24. Rxd3 Qe7 25. a5 Ne8
26. a6 Nf6 27. axb7 Qxb7 28. Rd6 Rc8 { (=)}  29. Qd3 Rc7 30. Rd8+ Kg7 31.
Qd6 Nd7 32. Re8 Rc8 33. Bxf7 Rxe8 34. Bxe8 Nf6 35. Qxe5 Kf8 36. Bg6 Qxb2 37.
Qe6 Qa1+ 38. Kh2 Ng4+ 39. Qxg4 Qxc3 40. Qd7 Qf6 41. Bh5 a5 42. e5 Qe7 43. Qf5+
Kg7 44. Qg6+ Kh8 45. Qxc6 Qxe5 46. Bf3 Kg7 47. c4 Be7 48. Qd7 Kf6 49. Qe8 Kg7
50. Bd5 Bd6 51. Qf7+  1-0

[Event "31. DSenEM2019 Gruppe 65+"]
[Site "Radebeul"]
[Date "2019.04.26"]
[Round "1.24"]
[White "Dellos, Peter"]
[Black "Szenetra, Werner"]
[Result "1/2-1/2"]
[BlackElo "2177"]
[BlackTeam "SV Berenbostel"]
[EventDate "2019.??.??"]
[PlyCount "91"]
[WhiteElo "1858"]
[WhiteTeam "SK Ricklingen"]

1. e4 d6 2. d4 g6 3. Nf3 Bg7 4. Be2 Nf6 5. Nc3 O-O 6. O-O a6 7. h3 b5 8. Bd3 Bb7
9. Re1 b4 10. Na4 Qe8 11. c3 a5 12. c4 Nfd7 13. Be3 e5 14. d5 Na6 15. Nd2 f5
16. f3 Nac5 17. Nxc5 Nxc5 18. Bxc5 dxc5 19. Qc2 f4 20. Nb3 Qe7 21. Qf2 Bf6 22.
Qxc5 a4 23. Qxe7 Bxe7 24. Nd2 Bc5+ 25. Kh1 g5 26. Nf1 h5 27. Re2 Kg7 28. Kh2 a3
29. b3 Bc8 30. Rc1 Ra6 31. Rcc2 Kh6 32. Rcd2 Rg6 33. Bb1 Rfg8 34. g4 hxg4 35.
hxg4 Kg7 36. Kh1 Rh6+ 37. Rh2 Rh4 38. Rxh4 gxh4 39. Rh2 Rh8 40. Kg2 Kf6 41. Kh3
Ke7 42. Rd2 Kd6 43. Bd3 Bd4 44. Be2 Kc5 45. Rd1 Bd7 46. Rd2  1/2-1/2